Statistics for 15 Biggest Cities in the UK

Click here to take the quiz!

General Stats

  • This quiz has been taken 69 times
  • The average score is 12 of 15

Answer Stats

HintAnswer% Correct
1.London
100%
3.Birmingham
96%
12.Edinburgh
96%
2.Manchester
96%
14.Cardiff
95%
5.Glasgow
93%
6.Liverpool
91%
7.Newcastle
89%
4.Leeds
88%
9.Belfast
86%
8.Sheffield
80%
11.Leicester
68%
10.Brighton
57%
15.Coventry
46%
13.Bournemouth
25%

Score Distribution

Percentile by Number Answered

Percent of People with Each Score

Your Score History

You have not taken this quiz